Call It What You Want lyrics - Foster the People - Statistics

General Stats
  • This quiz has been taken 6 times
  • The average score is 262 of 343
Answer Stats
Lyric Section % Correct
a
100%
Call | Chorus | Intro
100%
call
100%
I
100%
it
100%
it,
100%
want | Alternative Chorus
100%
what
100%
What
100%
Yeah | Verse 1
100%
(Yeah)
100%
yeah,
100%
you
100%
You
100%
you,
100%
and
83%
And
83%
can
83%
cares?
83%
do
83%
in
83%
just
83%
(just
83%
style
83%
We
83%
we're
83%
were
83%
who
83%
Who
83%
your
83%
Your
83%
born
67%
everything
67%
free
67%
got
67%
he
67%
ideas
67%
keep
67%
label
67%
like
67%
listen
67%
my
67%
myself
67%
nothing
67%
on
67%
Oooooh | Bridge
67%
other
67%
said
67%
the
67%
to
67%
to?"
67%
up
67%
way
67%
what's
67%
all
50%
back
50%
be
50%
behind
50%
crossed
50%
crossfire
50%
enemies
50%
fake
50%
from
50%
gotta
50%
here
50%
hide
50%
If
50%
I'm
50%
knife
50%
line
50%
locked
50%
lose
50%
me
50%
"Now
50%
prove
50%
run
50%
say,
50%
say
50%
sayin')
50%
smile's
50%
so
50%
stick
50%
swollen
50%
take
50%
them
50%
You're
50%
better
33%
bought
33%
bullets
33%
can't
33%
Cause
33%
dodging
33%
don't
33%
ducking
33%
expectancies
33%
eyes
33%
face
33%
give
33%
gonna
33%
I've
33%
judgement
33%
moving
33%
rat
33%
social
33%
that
33%
Then
33%
Well
33%
We've
33%
you've
33%
You've Verse 2
33%
But
17%
climbing
17%
guides
17%
ladder
17%
race
17%
taken
17%
words,
17%
bruising
0%
confirm
0%
No matching quizzes found
Score Distribution
Percent of People with Each Score
Percentile by Number Answered
Your Score History
You have not taken this quiz